000 00793nam a2200217 a 4500
001 1413
003 BR-CuiBMT
005 20231207004339.0
008 231128s2011 dfba 000 0 por d
040 _aBR-CuiBMT
_cBR-CuiBMT
080 _a336.132.1
_x(81)
_22007
090 _a336.132.1(81)
_bB823r
110 1 _aBrasil.
_bTribunal de Contas da União.
245 1 0 _aRelatório e parecer prévio sobre as contas do governo da República :
_bExercício de 2010 /
_cTribunal de Contas da União ; Ministro Aroldo Cedraz, relator.
260 _aBrasília :
_bTCU,
_c2011.
300 _a530 p. :
_bil. color. ;
_c23 cm
650 _aAdministração pública
_zBrasil
650 _aPrestação de contas
_xRelatório
_zBrasil
650 _aTribunal de Conta da União (TCU)
_zBrasil
942 _2udc
_cLV
999 _c1413
_d1413